Adoption.

Saved in:
Bibliographic Details
Main Author: Bernard, Viola W., 1907-
Format: Book
Language:English
Published: N.Y. : Child Welfare League of America, 1964.
Subjects:
LEADER 00766nam a22002171 4500
001 c000201607
003 CARM
005 20021125001900.0
008 851113s1964 nyu 0 eng d
019 1 |a 4121318  |z 49597946  |5 LACONCORD2021 
035 |a (OCoLC)218541042  |5 LACONCORD2021 
100 1 |a Bernard, Viola W.,  |d 1907- 
245 1 0 |a Adoption. 
260 |a N.Y. :  |b Child Welfare League of America,  |c 1964. 
300 |a 38p. 
500 |a Reprinted from Encylopedia of Mental Health. 
650 0 |a Adoption. 
852 8 |b CARM  |h A2:AO33A0  |i B06533  |p 0302393  |f BK 
082 0 4 |a 362.734 
999 f f |i 92d99c65-91c9-52e2-bb76-657bc1b10a18  |s 6bee93e4-7bb0-51ab-a210-321b68053453 
952 f f |p Can circulate  |a CAVAL  |b CAVAL  |c CAVAL  |d CARM 1 Store  |e B06533  |f A2:AO33A0  |h Other scheme  |i book  |m 0302393